000
003340000a22001450004500
005
20120302054446.0
942
_c
BOOK
245
_a
Kalyan-GoAnka Parishishtaanka:Anka 9
260
_a
Gorakhpur:Geeta,1946'
300
_a
1132-1211p.
040
_a
HIN
650
_a
Sankirna
650
_a
Maasik-Sankirna
650
_a
Goanka-Kalyan
999
_c
345685
_d
345682